Paranoid - Dream Lyrics - Statistics

General Stats
  • This quiz has been taken 25 times
  • The average score is 167 of 242
Answer Stats
Answer % Correct
Can
85%
can
85%
I
85%
I'm
85%
just
85%
Just
85%
paranoid,
85%
Paranoid,
85%
paranoid
85%
pretend,
85%
that
85%
That
85%
the
85%
we
85%
You
85%
you,
85%
you
85%
a
77%
be
77%
me
77%
my
77%
need
77%
of
77%
So
77%
so
77%
things
77%
you're
77%
You're
77%
again
69%
again,
69%
avoid
69%
been
69%
been,
69%
can't
69%
'Cause
69%
'cause
69%
dense
69%
don't
69%
Don't
69%
ever
69%
fence,
69%
friend
69%
it
69%
like
69%
medicine?
69%
needing
69%
never
69%
No
69%
not
69%
now
69%
Oh,
69%
oh,
69%
on
69%
wait,
69%
you've
69%
Because
62%
end?
62%
fill
62%
hide
62%
know
62%
this
62%
time
62%
void?
62%
will
62%
at
54%
autopilot
54%
Every
54%
finding
54%
from
54%
is
54%
kill
54%
knowing
54%
nobody
54%
noise?
54%
out
54%
Save
54%
use
54%
choice
46%
excited
46%
flowing?
46%
going
46%
have
46%
hearing
46%
hit
46%
kinda
46%
matter
46%
might
46%
stop
46%
to
46%
trying
46%
wall
46%
water
46%
way
46%
we're
46%
where
46%
Which
46%
2AM,
38%
doubt
38%
evidence,
38%
evident?
38%
isn't
38%
send
31%
texts
31%
those
31%
Drafted
23%
They
15%
No matching quizzes found
Score Distribution
Percent of People with Each Score
Percentile by Number Answered
Your Score History
You have not taken this quiz